000 01680nam a2200493 i 4500
001 15714
003 KOSZ 005
005 20201214090031.0
008 200425s1971 pl a f 000 0 pol
015 _aUWD 1971/8849
035 _a991038774139705066
035 _a(PL-WaBN)b2037804x-48omnis_nlop
035 _ab2037804x
035 _a(OCoLC)831220890
035 _a(PL)b0000002037804
035 _a(EXLNZ-48OMNIS_NETWORK)9910330461805606
040 _aWA N
_cWA N
_dKOSZ 005/RW
046 _k1971
080 _a631.3
080 _a658
080 _a(075)
100 1 _aLorenc, Władysław
_eAutor
245 1 0 _aOrganizacja warsztatów :
_bpodręcznik dla techników mechanizacji rolnictwa /
_cWładysław Lorenc.
250 _aWydanie 3.
260 _aWarszawa :
_bPaństwowe Wydawnictwo Rolnicze i Leśne,
_c1971.
300 _a167, [1] stron :
_bilustracje ;
_c24 cm.
336 _aTekst
_btxt
_2rdacontent
337 _aBez urządzenia pośredniczącego
_bn
_2rdamedia
338 _aWolumin
_bnc
_2rdacarrier
380 _aKsiążki
380 _aPublikacje dydaktyczne
388 _a1901-2000
388 _a1945-1989
521 8 _aPodręcznik dla techników mechanizacji rolnictwa.
650 7 _aMechanizacja rolnictwa
_2DBN
650 7 _aAgrotechnika
655 7 _aPodręczniki dla szkół zawodowych
_2DBN
658 _aRolnictwo i leśnictwo
658 _aInżynieria i technika
710 2 _aPaństwowe Wydawnictwo Rolnicze i Leśne
_4pbl
856 _uhttp://koha.tu.koszalin.pl/cgi-bin/koha/opac-detail.pl?biblionumber=15714
_yKatalog online BPK
942 _2UKD
_cKS
999 _c15714
_d15714